Programa de Educación efectivo sexual centrado en valores (Record no. 8091)

MARC details
000 -LEADER
campo de control de longitud fija 00417nam a2200145Ia 4500
001 - NÚMERO DE CONTROL
campo de control 1240
008 - DATOS DE LONGITUD FIJA--INFORMACIÓN GENERAL
campo de control de longitud fija 241024s9999 xx 000 0 und d
082 ## - NÚMERO DE LA CLASIFICACIÓN DECIMAL DEWEY
Número de clasificación RD/612.6/R426p
100 ## - ENTRADA PRINCIPAL--NOMBRE DE PERSONA
Nombre de persona República Dominicana.Secretaría de Estado de Educación
245 #0 - MENCIÓN DEL TÍTULO
Título Programa de Educación efectivo sexual centrado en valores
260 ## - PUBLICACIÓN, DISTRIBUCIÓN, ETC.
Nombre del editor, distribuidor, etc. Santo Domingo
Fecha de publicación, distribución, etc. 2007
590 ## - NOTA LOCAL (RLIN)
Nota local si
901 ## - ELEMENTOS DE DATOS A LOCAL LDA (RLIN)
a 24/2/2011 1:50:17 p.m.

No items available.

© 2024. Todos los Derechos Reservados. Desarrollado por IDEICE